| 000 | 00549nam a2200181Ia 4500 | ||
|---|---|---|---|
| 008 | 090630s9999 xx 000 0 und d | ||
| 082 | _b1332 | ||
| 100 | _aबुवा वि. आ. | ||
| 245 |
_aउदोडेकर 1 मालक. _cबुवा वि. आ. |
||
| 260 | _bवैद्य. | ||
| 300 | _a94 | ||
| 600 | _aबुवा वि. आ. | ||
| 630 | _aउदोडेकर 1 मालक. | ||
| 655 | _aनाटक. | ||
| 700 | _aबुवा वि. आ. | ||
| 730 | _aउदोडेकर 1 मालक. | ||
| 942 | _cBOOK | ||
| 999 |
_c253188 _d253188 |
||